| 000 | 01977nam a22004577a 4500 | ||
|---|---|---|---|
| 003 | CHAP | ||
| 005 | 20220329143410.0 | ||
| 008 | 090402s2009 mx r 00010 spa d | ||
| 010 | _a95988 | ||
| 011 | _a96960 | ||
| 035 | _a107617 | ||
| 040 | _cCHAP | ||
| 090 | _aTesis | ||
| 100 | 1 |
_aAragon Castano, Gerardo Francisco. _96427 |
|
| 245 | 1 | 0 |
_aImpacto del tipo de cambio real en las exportaciones de productos agrícolas mexicanos seleccionados (1984 - 2005) _c/por Gerardo Francisco Aragon Castaño y Lucio Alberto Flores Gallegos |
| 260 |
_aChapingo, Méx. : _bEl autor, _c2009 |
||
| 300 |
_a83 h. : _bcuadros, gráfs. |
||
| 502 | _aTesis (Lic. en Comercio Internacional de Productos Agropecuarios) -- UACH. División de Ciencias Económico Administrativas | ||
| 530 | _aTambién disponible en línea | ||
| 590 |
_aALEPH _b10 _c20130110 _lUCH01 _h1528 |
||
| 590 |
_aBATCH-UPD _b10 _c20130110 _lUCH01 _h0551 |
||
| 590 |
_aBATCH-UPD _b10 _c20130410 _lUCH01 _h0232 |
||
| 590 |
_aBATCH-UPD _b10 _c20130410 _lUCH01 _h1623 |
||
| 590 |
_aBATCH-UPD _b10 _c20130914 _lUCH01 _h1418 |
||
| 590 |
_aBATCH-UPD _b10 _c20140324 _lUCH01 _h1511 |
||
| 590 |
_aBATCH-UPD _b10 _c20141002 _lUCH01 _h0839 |
||
| 590 |
_aBATCH _b00 _c20181121 _lUCH01 _h0758 |
||
| 590 |
_aCONVERSION _b10 _c20130109 _lUCH01 _h1353 |
||
| 650 | 1 | 4 |
_aProductos agrícolas _xAspectos económicos _zMéxico. _991919 |
| 650 | 1 | 4 |
_aProductos agrícolas _xExportación. _991945 |
| 650 | 1 | 4 |
_aProductos agrícolas _xMercadeo _xAspectos económicos. _991957 |
| 650 | 1 | 4 |
_aProductos agrícolas _xMercadeo _zMéxico. _991999 |
| 650 | 1 | 4 |
_aProductos agrícolas _xPrecios _zMéxico. _992029 |
| 700 | 1 |
_aFlores Gallegos, Lucio Alberto _941533 |
|
| 856 |
_3Finding aid _uhttp://10.13.5.2/tesis/107617.pdf _zTeclea aqui |
||
| 856 |
_a1 _n0000435 |
||
| 901 | _aBK | ||
| 942 | _cFOLL | ||
| 949 |
_aTesis _bBC _cTES _d33724002088827 _eTS2 _fc.2 _gDonaciØn _h49144 _i107617 _sb |
||
| 949 |
_aTesis _bBC _cTES _d33724002089595 _eTS1 _gDonaciØn _h49143 _i107617 _sb |
||
| 999 |
_c95988 _d95988 |
||